[Event "AUT-chT2M 1617"]
[Site "Austria"]
[Date "2017.03.26"]
[Round "11.1"]
[White "Topf, Christian"]
[Black "Teuschler, Barbara"]
[Result "0-1"]
[WhiteElo "2015"]
[BlackElo "2186"]
[PlyCount "128"]
[EventDate "2016.10.07"]
[EventType "team-tourn"]
[EventRounds "11"]
[EventCountry "AUT"]
[SourceTitle "CBM 177 Extra"]
[Source "ChessBase"]
[SourceDate "2017.04.27"]
[SourceVersion "1"]
[SourceVersionDate "2017.04.27"]
[SourceQuality "1"]
[WhiteTeam "Gmunden"]
[BlackTeam "Graz Schachfreunde"]
[WhiteTeamCountry "AUT"]
[BlackTeamCountry "AUT"]

1. b3 d5 2. Bb2 Bg4 3. Nf3 Nd7 4. g3 Ngf6 5. Bg2 c6 6. d3 e6 7. 0-0 Bc5 8. Nbd2 0-0 9. c4 Re8 10. Rc1 Bb6 11. h3 Bh5 12. Rc2 e5 13. cxd5 cxd5 14. g4 Bg6 15. Ne1 e4 16. dxe4 dxe4 17. e3 Ne5 18. Qe2 Nd3 19. Nc4 Bc7 20. Rd2 b5 21. Na3 Qd6 22. f4 exf3 23. Nxf3 a6 24. Nc2 Rad8 25. Rfd1 Be4 26. Bd4 Bxf3 27. Bxf3 Ne5 28. Bg2 Qe7 29. Rf1 h6 30. Rf5 Ng6 31. Qf2 Be5 32. Bc6 Rf8 33. Bg2 Qc7 34. Bxe5 Nxe5 35. Nd4 Ned7 36. Rc2 Qd6 37. Rc6 Qa3 38. Qc2 Qe7 39. Rc3 Ne5 40. Qc1 Qd6 41. Rf1 Nd5 42. Nf5 Nxc3 43. Qxc3 Qe6 44. Nd4 Qc8 45. Qe1 Ng6 46. Bd5 Rde8 47. Bg2 Qc5 48. Qg3 Qe5 49. Qxe5 Rxe5 50. e4 Nh4 51. Bh1 Rc8 52. Nf3 Nxf3+ 53. Bxf3 Rc2 54. Rf2 Rec5 55. Bd1 Rc1 56. Rd2 R1c3 57. h4 Kf8 58. Kg2 Ke7 59. Rd4 Kf6 60. Rd6+ Ke5 61. Rxa6 Kxe4 62. Ra7 Rc7 63. Ra5 Rd7 64. Be2 Rc2 0-1

[Event "AUT-chT2M 1617"]
[Site "Austria"]
[Date "2017.03.24"]
[Round "9.5"]
[White "Singer, Hans"]
[Black "Topf, Christian"]
[Result "1-0"]
[WhiteElo "2184"]
[BlackElo "2015"]
[PlyCount "81"]
[EventDate "2016.10.07"]
[EventType "team-tourn"]
[EventRounds "11"]
[EventCountry "AUT"]
[SourceTitle "CBM 177 Extra"]
[Source "ChessBase"]
[SourceDate "2017.04.27"]
[SourceVersion "1"]
[SourceVersionDate "2017.04.27"]
[SourceQuality "1"]
[WhiteTeam "Die Klagenfurter"]
[BlackTeam "Gmunden"]
[WhiteTeamCountry "AUT"]
[BlackTeamCountry "AUT"]

1. d4 e6 2. c4 f5 3. Nf3 b6 4. g3 Bb7 5. Bg2 Bb4+ 6. Bd2 Bxd2+ 7. Qxd2 Nf6 8. 0-0 0-0 9. Nc3 Ne4 10. Nxe4 Bxe4 11. Rac1 d6 12. Ng5 Bxg2 13. Kxg2 Re8 14. d5 e5 15. Ne6 Qe7 16. f4 e4 17. b4 Na6 18. a3 c5 19. Qc3 Rec8 20. bxc5 Nxc5 21. Nd4 Qf6 22. Nc6 Kf7 23. h3 g6 24. g4 h6 25. Qxf6+ Kxf6 26. Rc3 Rc7 27. Kf2 h5 28. gxh5 gxh5 29. Rg1 Rg7 30. Rxg7 Kxg7 31. Rg3+ Kf6 32. Rg5 Rh8 33. Nd4 e3+ 34. Kf3 Re8 35. Rxf5+ Kg6 36. Rg5+ Kf6 37. Rxh5 Re4 38. Rh6+ Kf7 39. Nf5 Rxc4 40. Nxd6+ Kg7 41. Nxc4 1-0

[Event "AUT-chT2M 1617"]
[Site "Austria"]
[Date "2016.10.08"]
[Round "2.1"]
[White "Topf, Christian"]
[Black "Salvenmoser, Stefan"]
[Result "0-1"]
[WhiteElo "2015"]
[BlackElo "2202"]
[PlyCount "110"]
[EventDate "2016.10.07"]
[EventType "team-tourn"]
[EventRounds "11"]
[EventCountry "AUT"]
[SourceTitle "EXT 2017"]
[Source "ChessBase"]
[SourceDate "2016.10.25"]
[SourceVersion "1"]
[SourceVersionDate "2016.10.25"]
[SourceQuality "1"]
[WhiteTeam "Gmunden"]
[BlackTeam "Grieskirchen/Schallerbach"]
[WhiteTeamCountry "AUT"]
[BlackTeamCountry "AUT"]

1. b3 e5 2. Bb2 Nc6 3. e3 Nf6 4. Bb5 Bd6 5. Na3 a6 6. Be2 Qe7 7. Nc4 Bc5 8. d3 d5 9. Nd2 0-0 10. a3 Re8 11. b4 Ba7 12. c4 dxc4 13. Nxc4 Rd8 14. Qc2 Nd5 15. Nf3 f6 16. 0-0 Be6 17. Rfe1 Qf7 18. Kh1 Nb6 19. Ncd2 Rd7 20. Ne4 Bb3 21. Qb1 Na4 22. Rc1 Kh8 23. Bc3 Bd5 24. Be1 f5 25. Nc3 Nxc3 26. Bxc3 Re8 27. e4 fxe4 28. dxe4 Bb3 29. Qb2 Nd4 30. Bxd4 Bxd4 31. Nxd4 Rxd4 32. Bf3 Red8 33. Rc3 Bd1 34. Qc1 Bxf3 35. Rxf3 Qd7 36. Qg1 Rxe4 37. h3 h6 38. Re1 Rxe1 39. Qxe1 Qd1 40. Qxd1 Rxd1+ 41. Kh2 Kg8 42. Kg3 Rd5 43. Kg4 e4 44. Rf5 Rd3 45. Re5 Rxa3 46. Rxe4 a5 47. bxa5 Rxa5 48. Re7 Rc5 49. Kf4 b5 50. Ke4 Rc3 51. g4 b4 52. h4 b3 53. Re8+ Kf7 54. Rb8 c5 55. f4 Rc4+ 0-1